000 00490nam a22001575i 4500
001 53143
003 ES-MaACL
007 t|
008 950911m18441847fr ||||1| fre d
040 _aCAM
_bspa
_cCAM
100 1 _aDufrénoy, A.
_945917
245 1 0 _aTraité de minéralogie /
_cpar A. Dufrénoy.
260 _aParis :
_bCarilian-Goeury et Vor Dalmont,
_c1844-1847 (
_fimprimerie de Hennuver et Turpin)
300 _a5 v. (uno de atlas) :
_bil. ;
_c22 cm.
852 _aES-MaACL
_jB-7521-5
999 _c53143
_d53143